Nâng cao chất lượng hoạt động của các tổ chức Đảng ở các doanh nghiệp ngoài khu vực Nhà nước trên địa bàn tỉnh Đồng Tháp trong giai đoạn hiện nay Luận văn thạc Khoa học chính trị. Chuyên ngành: Chính trị học. Mã số: 60 31 02 01

Đã lưu trong:
Bibliografiske detaljer
Hovedforfatter: Lê, Thanh Nhã
Andre forfattere: Đoàn Minh Duệ (Hướng dẫn)
Format: Luận văn Pakke Bog
Udgivet: Vinh Đại học Vinh 2015
Fag:
Tags: Tilføj Tag
Ingen Tags, Vær først til at tagge denne postø!
Thư viện lưu trữ: Trung tâm Học liệu Lê Vũ Hùng, Trường Đại học Đồng Tháp
LEADER 01268ppm a22003018a 4500
001 00036505
005 20171026081025.0
008 170306s2015 ||||||Viesd
041 0 # |a Vie 
082 1 4 |a 324.259 707 1  |b N122C 
100 1 # |a Lê, Thanh Nhã 
245 0 0 |a Nâng cao chất lượng hoạt động của các tổ chức Đảng ở các doanh nghiệp ngoài khu vực Nhà nước trên địa bàn tỉnh Đồng Tháp trong giai đoạn hiện nay  |b Luận văn thạc Khoa học chính trị. Chuyên ngành: Chính trị học. Mã số: 60 31 02 01  |c Lê Thanh Nhã; Đoàn Minh Duệ (hướng dẫn) 
260 # # |a Vinh  |b Đại học Vinh  |c 2015 
300 # # |a 90tr.  |c 30cm. 
500 # # |a ĐTTTS ghi: Bộ giáo dục và đào tạo. Đại học Vinh 
653 # # |a Chính trị 
653 # # |a Chất lượng 
653 # # |a Đồng Tháp 
653 # # |a Luận văn 
653 # # |a Hoạt động 
700 1 # |a Đoàn Minh Duệ  |e Hướng dẫn 
852 # # |j LV.0001021 
852 # # |b Kho đọc SĐH  |j LV.0001021 
910 |d 06/03/2017 
980 # # |a Trung tâm Học liệu Lê Vũ Hùng, Trường Đại học Đồng Tháp